000 00833nam a22002297a 4500
005 20080711111158.0
008 080711t xxu||||| |||| 00| 0 eng d
010 _aENG-90519
020 _a0070604304
_c345.00
035 _aEN-74052
037 _bDBAD / PUB
040 _aDPL
_bEN
082 _a332.6457
100 _aVarma, Jayanth Rama
245 _aDerivatives and risk management /
_cby Jayanth Rama Varma
260 _aNew Delhi
_bTata McGraw-Hill Publishing
_c2008
270 _a7 West Patel Nagar
_bNew Delhi
_e110008
300 _aVarious pagings
_c24cm.(pbk)
500 _aIncludes index
942 _2ddc
_cEN
_h332.6457
_mVAR
999 _c14405
_d14405